Mineralogical Composition And Ceramic Properties Of Some Egyptian Raw MaterialS For The Production Of Tiles By Conventional And Fast - Firing Techniques / (رقم التسجيلة. 180466)

تفاصيل مارك
000 -LEADER
fixed length control field 01516namaa22003251i 4500
005 - أخر تعامل مع التسجيلة
control field 20260610111706.0
008 - FIXED-LENGTH DATA ELEMENTS--GENERAL INFORMATION
fixed length control field 260610s1994 ua a|||frm||| 000 0 eng d
040 ## - CATALOGING SOURCE
Original cataloguing agency EG-GICUC
Language of cataloging eng
Transcribing agency EG-GICUC
Modifying agency EG-GICUC
Description conventions rda
041 0# - LANGUAGE CODE
Language code of text/sound track or separate title eng
Language code of summary or abstract eng
-- ara
049 ## - Acquisition Source
Acquisition Source Deposit
097 ## - Degree
Degree Ph.D
099 ## - LOCAL FREE-TEXT CALL NUMBER (OCLC)
Local Call Number Cai01.12.15.1994.Mo. M.
100 0# - MAIN ENTRY--PERSONAL NAME
Authority record control number or standard number Mostafa Kamel Ahmed Said,
Preparation preparation.
245 10 - TITLE STATEMENT
Title Mineralogical Composition And Ceramic Properties Of Some Egyptian Raw MaterialS For The Production Of Tiles By Conventional And Fast - Firing Techniques /
Statement of responsibility, etc. By Mostafa Kamel Ahmed Said; Supervision Dr. Z. Abd EL Kader, Prof.Dr. D.M.Ibrahim, Prof.Dr. A. Dardeer.
246 15 - VARYING FORM OF TITLE
Title proper/short title التركيب المعدنى والخصائص الخزفية لبعض المواد الخام المصرية بغرض أنتاج البلاط الخزفى بطريقتى الحرق التقليدي والسريع /
264 #0 - PRODUCTION, PUBLICATION, DISTRIBUTION, MANUFACTURE, AND COPYRIGHT NOTICE
Date of production, publication, distribution, manufacture, or copyright notice 1994.
300 ## - PHYSICAL DESCRIPTION
Extent 184 pages :
Other physical details illustrations ;
Dimensions 30 cm. +
336 ## - CONTENT TYPE
Source rda content
Content type term text
337 ## - MEDIA TYPE
Source rdamedia
Media type term Unmediated
338 ## - CARRIER TYPE
Source rdacarrier
Carrier type term volume
502 ## - DISSERTATION NOTE
Dissertation note Thesis (Ph.D)-Cairo University, 1994.
504 ## - BIBLIOGRAPHY, ETC. NOTE
Bibliography, etc. note Bibliography: pages 168-184.
653 #0 - INDEX TERM--UNCONTROLLED
Uncontrolled term Geology
700 0# - ADDED ENTRY--PERSONAL NAME
Personal name Z. Abd EL Kader
Relator term thesis advisor.
700 0# - ADDED ENTRY--PERSONAL NAME
Personal name D.M.Ibrahim
Relator term thesis advisor.
700 0# - ADDED ENTRY--PERSONAL NAME
Personal name A. Dardeer
Relator term thesis advisor.
900 ## - Thesis Information
Department Department of Geology
Faculties Faculty of Science
Universities Cairo University
Grant date 1994
Supervisory body Z. Abd EL Kader
-- D.M.Ibrahim
-- A. Dardeer
905 ## - Cataloger and Reviser Names
Cataloger Name Eman El gebaly
942 ## - ADDED ENTRY ELEMENTS (KOHA)
Source of classification or shelving scheme Dewey Decimal Classification
Koha item type Thesis
Edition 21
Suppress in OPAC No
المقتنيات
Source of classification or shelving scheme Home library Current library Date acquired Inventory number Full call number Barcode Date last seen Effective from Koha item type
Dewey Decimal Classification المكتبة المركزبة الجديدة - جامعة القاهرة مكتبة المئوية 10.06.2026 25832 Cai01.12.15.1994.Mo. M. 0101011002583200 10.06.2026 10.06.2026 Thesis
Cairo University Libraries Portal Implemented & Customized by: Eng. M. Mohamady Contacts: new-lib@cl.cu.edu.eg | cnul@cl.cu.edu.eg
CUCL logo CNUL logo
© All rights reserved — Cairo University Libraries
CUCL logo
Implemented & Customized by: Eng. M. Mohamady Contact: new-lib@cl.cu.edu.eg © All rights reserved — New Central Library
CNUL logo
Implemented & Customized by: Eng. M. Mohamady Contact: cnul@cl.cu.edu.eg © All rights reserved — Cairo National University Library